Tâm lí học đời sống Những bí quyết để thành công

Tallennettuna:
Bibliografiset tiedot
Päätekijä: Nguyễn Hoàng Thanh
Aineistotyyppi: Kirja
Kieli:Undetermined
Julkaistu: Đồng Nai Nxb. Đồng Nai 1997
Aiheet:
Tagit: Lisää tagi
Ei tageja, Lisää ensimmäinen tagi!
Thư viện lưu trữ: Trung tâm Học liệu Trường Đại học Cần Thơ
LEADER 00547nam a2200181Ia 4500
001 CTU_27090
008 210402s9999 xx 000 0 und d
082 |a 158.1 
082 |b Th107 
100 |a Nguyễn Hoàng Thanh 
245 0 |a Tâm lí học đời sống 
245 0 |b Những bí quyết để thành công 
245 0 |c Nguyễn Hoàng Thanh 
260 |a Đồng Nai 
260 |b Nxb. Đồng Nai 
260 |c 1997 
650 |a psychology, applied 
980 |a Trung tâm Học liệu Trường Đại học Cần Thơ